Reglas de Ulpiano.
Збережено в:
| Автор: | |
|---|---|
| Інші автори: | |
| Формат: | Книга |
| Мова: | Англійська |
| Опубліковано: |
Buenos Aires, Argentina:
Ediciones Lerner,
1970.
|
| Предмети: | |
| Теги: |
Додати тег
Немає тегів, Будьте першим, хто поставить тег для цього запису!
|
MARC
| LEADER | 00000nam a22000007a 4500 | ||
|---|---|---|---|
| 003 | CL-VaPUC | ||
| 005 | 20220822114653.0 | ||
| 008 | 220720t1970 ||||| |||| 00| 0 eng d | ||
| 999 | |c 437294 |d 437292 | ||
| 040 | |c Pontificia Universidad Católica de Valparaíso | ||
| 082 | 0 | 4 | |a 340.54 ULP 1970 |2 22 |
| 100 | |a Ulpiano |e autor |9 395804 | ||
| 245 | 1 | 0 | |a Reglas de Ulpiano. |
| 260 | |a Buenos Aires, Argentina: |b Ediciones Lerner, |c 1970. | ||
| 300 | |a 191 páginas. | ||
| 500 | |a c.1 Donación Familia Prof. Alejandro Guzmán Brito. | ||
| 583 | |a last modification |c 19980112 00:00:00 |k Yessy Sthefany Diaz Vidal | ||
| 650 | 0 | |a Derecho romano |9 255930 | |
| 650 | 0 | |a Fuentes del derecho |9 255162 | |
| 700 | |9 873414 |a Ponssa de la Vega de Miguens, Nina |e traducción, concordancia con otros textos clásicos y nota preliminar | ||
| 942 | |c BK |2 ddc |n 0 | ||
| 952 | |0 0 |1 0 |2 ddc |4 0 |6 340_540000000000000_ULP_1970 |7 0 |8 C_AGB |9 585052 |a BIBDER |b BIBDER |d 2022-07-20 |e Donación |i 5652889 |l 1 |o 340.54 ULP 1970 |p 5652889 |r 2023-07-14 |s 2023-07-14 |t 1 |w 2022-07-20 |y BK_US |k AGB | ||